00486 a2200181 45000010006000000050017000060080041000230030015000640400040000790800055001192450028001742640029002023000023002310410008002541000020002626500010002826500012002926365920260407155935.0260407a1977 arg spa dAR-UNSa-BCEJYS aAR-UNSa-BCEJYSbspacAR-UNSa-BCEJYS a004.43xLenguajes de programación de ordenadores10aCobolpTexto programado 1aMéxico :bLimusac1977 axv, 190 p.c27 cm. aspa1 aSaxon, James A. aCOBOL a cobol